| 000 | 02855nkm0a2200469 4500 | ||
|---|---|---|---|
| 001 | RU\NLR\BIBL_A\022677296 | ||
| 005 | 20260201142136.0 | ||
| 035 | _a(NLR Aleph) 022677296 | ||
| 090 |
_a13539876 _c13539876 |
||
| 100 | _a20251202d1916 u y0rusy50 ca | ||
| 101 | 0 | _arus | |
| 102 | _aRU | ||
| 116 | _aiiycxx bf ad | ||
| 135 | _acrcn 024anaba | ||
| 181 | 0 |
_ab4 _bxb2e |
|
| 182 | 0 | _an | |
| 200 | 1 |
_aНи слова, о друг мой ... _e(Река жизни) _eкартина фабрики И. Н. Ермольева _eв главных ролях: В. Г. Орлова, П. А. Бакшеев, Н. В. Панов _e[плакат] |
|
| 203 |
_aИзображение _bнеподвижное _bдвухмерное _bвизуальное _cнепосредственное |
||
| 210 |
_aМосква _cРусс. т-во "Рустипо" _d1916 |
||
| 215 |
_a1 л. _cцв. литограф. _d106,9х68,4 |
||
| 300 | _aНа л. моногр. худ. "Ла" | ||
| 300 | _aНа л. внизу фабр. знак "Художественные фильмы. И. Н. Ермольев. Москва" | ||
| 300 | _aЦенз. разреш.: "Печатать разрешается. Москва, 15 декабря 1916 г. Пристав 2-го уч. Хамовнической части" | ||
| 300 | _aНа об. л. афиша фильма "Подвигу твоему кланяюсь земно, современная драма в 4-х част." | ||
| 325 | _aКопия доступна в Электрон. б-ке РНБ | ||
| 481 | 0 | _1RU\NLR\BIBL_A\022677317$aПодвигу твоему кланяюсь земно современная драма в 4-х част. Художественные фильмы И. Н. Ермольев, Москва в главных ролях г-жа Н. А. Лисенко и Н. В. Панов [плакат] | |
| 517 | 1 | _aРека жизни | |
| 606 | 1 |
_aКиноплакат русский _z1908 - 1919 _92508567 _3RU\NLR\AUTH\6601702435 |
|
| 686 | _aЩ153(2Р=Рус)53-465 | ||
| 711 | 0 | 2 |
_aКинофабрика И. Н. Ермольева _cМосква _9864926 _3RU\NLR\AUTH\880599997 |
| 712 | 0 | 2 |
_4610 _aРусское товарищество печатного и издательского дела _bТиполитография _cМосква _9864928 _3RU\NLR\AUTH\880599998 |
| 852 | 0 | 0 |
_aNLR _bЭ _jАфИс900-II/Н600 _mинв.155497 |
| 856 | 0 | _uhttps://vivaldi.nlr.ru/la700001517/view | |
| 856 | 1 | _uhttps://vivaldi.nlr.ru/la700001517/cover | |
| 856 | 2 | _uhttps://vivaldi.nlr.ru/la700001517/text | |
| 942 | _cVISUAL | ||
| 980 | _aNB | ||
| 981 | 1 | 7 |
_a(17) Изографические материалы _b(17) Плакаты |